| 000 | 00896nam a2200217 a 4500 | ||
|---|---|---|---|
| 001 | 65065 | ||
| 003 | BD-RjUL | ||
| 005 | 20211209081401.0 | ||
| 008 | 170226s1954 bg ||||| |||| 00| 0 d | ||
| 035 | _a(BD-RjUL)65195 | ||
| 040 |
_aBD-RjUL _bben _cBD-RjUL |
||
| 041 | _aben | ||
| 082 |
_223 _a954.9205 _bBAN 1954 |
||
| 245 | 1 | 0 |
_aবাংলাদেশের মুক্তিযুদ্ধ / _cযতীন্দ্র চট্টোপাধ্যায় |
| 260 |
_aকলকাতা : _bক্যালকাটা প্রিন্টার্স, _c১৯৫৪ |
||
| 300 |
_a১২১ পৃ. ; _c২০ সেমি. |
||
| 650 |
_aমুক্তিযুদ্ধ _y১৯৭১ _zবাংলাদেশ _9122145 |
||
| 650 |
_aLiberation war _y1971 _zBangladesh _9166496 |
||
| 700 |
_aচট্টোপাধ্যায়, যতীন্দ্র _9192800 |
||
| 942 |
_2ddc _cBK |
||
| 999 |
_c65065 _d65065 |
||